Loading...
| Current Events | 2 | 15.00 | 100% | 50% | 0% |
| Fine Arts - Classical Music | 7 | 12.86 | 100% | 14% | 14% |
| Fine Arts - Other | 6 | 8.33 | 67% | 17% | 0% |
| Fine Arts - Painting and Sculpture | 5 | 14.00 | 80% | 60% | 0% |
| Geography | 2 | 15.00 | 100% | 50% | 0% |
| History - American | 5 | 10.00 | 100% | 0% | 0% |
| History - European | 5 | 20.00 | 100% | 60% | 40% |
| History - Other | 5 | 18.00 | 100% | 60% | 20% |
| History - World | 4 | 15.00 | 75% | 75% | 0% |
| Literature - American | 4 | 20.00 | 100% | 50% | 50% |
| Literature - British | 7 | 8.57 | 86% | 0% | 0% |
| Literature - European | 7 | 10.00 | 100% | 0% | 0% |
| Literature - World | 6 | 11.67 | 83% | 33% | 0% |
| Mythology | 3 | 23.33 | 100% | 67% | 67% |
| Philosophy | 3 | 16.67 | 100% | 67% | 0% |
| Pop Culture | 1 | 20.00 | 100% | 100% | 0% |
| Religion | 4 | 10.00 | 75% | 0% | 25% |
| Science - Biology | 4 | 12.50 | 75% | 50% | 0% |
| Science - Chemistry | 6 | 15.00 | 100% | 50% | 0% |
| Science - Other | 3 | 13.33 | 100% | 33% | 0% |
| Science - Physics | 5 | 14.00 | 100% | 40% | 0% |
| Social Science | 4 | 12.50 | 100% | 25% | 0% |